RF Circuits and Applications for Practicing Engineers / (Record no. 588475)

000 -LEADER
fixed length control field 00395nam a22001337a 4500
020 ## - INTERNATIONAL STANDARD BOOK NUMBER
International Standard Book Number 9781630816315
082 ## - DEWEY DECIMAL CLASSIFICATION NUMBER
Classification number 621.38412
Author Mark DON
100 ## - MAIN ENTRY--PERSONAL NAME
Personal name Dong, Mouqun
245 ## - TITLE STATEMENT
Title RF Circuits and Applications for Practicing Engineers /
Statement of responsibility, etc. Mouqun Dong
260 ## - PUBLICATION, DISTRIBUTION, ETC.
Place of publication, distribution, etc. Boston :
Name of publisher, distributor, etc. Artech House,
Date of publication, distribution, etc. 2021.
300 ## - PHYSICAL DESCRIPTION
Extent 354p. ;
Dimensions 24 cm.
942 ## - ADDED ENTRY ELEMENTS (KOHA)
Source of classification or shelving scheme
Koha item type Book
Holdings
Withdrawn status Lost status Source of classification or shelving scheme Damaged status Not for loan Permanent Location Current Location Shelving location Date acquired Source of acquisition Total Checkouts Full call number Barcode Date last seen Price effective from Koha item type
          Central Library (CL) Central Library (CL) Electrical Engineering 03/01/2022 Allied Book Company   621.38412 DON CL-965 03/01/2022 03/01/2022 Book
© 2023 Central Library, National University of Sciences and Technology. All Rights Reserved.